Statistics for Capitals of Africa - West to East

Click here to take the quiz!

General Stats

  • This quiz has been taken 99 times
  • The average score is 46 of 54

Answer Stats

Longitude Capital % Correct
15° 34' WBissau
100%
13° 14' WFreetown
98%
17° 27' WDakar
98%
13° 43' WConakry
98%
23° 31' WPraia
95%
16° 35' WBanjul
95%
0° 12' WAccra
93%
2° 36' EPorto-Novo
93%
7° 29' EAbuja
93%
1° 32' WOuagadougou
93%
1° 13' ELomé
93%
10° 48' WMonrovia
93%
3° 13' EAlgiers
90%
8° 00' WBamako
90%
6° 50' WRabat
90%
15° 57' WNouakchott
88%
5° 17' WYamoussoukro
88%
47° 31' EAntananarivo
86%
55° 27' EVictoria
86%
17° 05' EWindhoek
86%
57° 30' EPort Louis
86%
18° 35' EBangui
83%
36° 49' ENairobi
83%
38° 56' EAsmara
83%
45° 21' EMogadishu
83%
43° 09' EDjibouti
83%
38° 44' EAddis Ababa
83%
15° 18' EBrazzaville
83%
11° 31' EYaounde
83%
13° 11' ETripoli
83%
2° 06' ENiamey
83%
15° 19' EKinshasa
83%
15° 03' EN'Djamena
83%
6° 41' ESao Tome
81%
33° 47' ELilongwe
81%
8° 47' EMalabo
81%
10° 11' ETunis
81%
43° 15' EMoroni
81%
35° 45' EDodoma
81%
32° 35' EMaputo
81%
13° 14' ELuanda
79%
31° 02' EHarare
79%
9° 27' ELibreville
79%
28° 17' ELusaka
79%
31° 14' ECairo
79%
32° 35' EKampala
79%
31° 36' EJuba
76%
25° 55' EGaborone
76%
28° 11' EPretoria
76%
29° 22' EBujumbura
76%
30° 04' EKigali
76%
32° 32' EKhartoum
74%
27° 48' EMaseru
74%
31° 08' EMbabane
74%

Score Distribution

Percentile by Number Answered

Percent of People with Each Score

Your Score History

You have not taken this quiz